Le siege, la prise et le sac de Constantinople par les Turcs en 1453

Αποθηκεύτηκε σε:
Λεπτομέρειες βιβλιογραφικής εγγραφής
Κύριος συγγραφέας: Schlumberger, Gustave Leon, 1844-1929
Μορφή: Βιβλίο
Γλώσσα:French
Δημοσίευση: Paris : Librarie Plon, 1914
Θέματα:
Ετικέτες: Προσθήκη ετικέτας
Δεν υπάρχουν, Καταχωρήστε ετικέτα πρώτοι!

MARC

LEADER 00000cam a2200000 i 4500
001 1/7262
008 000620s1914 fre d
035 |l 10062221 
040 |a GR-MY-UA  |b gre  |e aacr 
041 0 |a fre 
082 0 |a 938.389 
100 1 |a Schlumberger, Gustave Leon,   |d 1844-1929. 
245 1 3 |a Le siege, la prise et le sac de Constantinople par les Turcs en 1453 /  |c par Gustave Schlumberger 
260 |a Paris :   |b Librarie Plon,   |c 1914 
300 |a 374 p.  |b fig. 
500 |a "Ouvrage orne de vingt gravures hors texte" 
651 0 |a Istanbul (Turkey)  |x History  |y Siege, 1453. 
852 |a INST  |b LESVOS  |e 20000620  |h 938.389 SCH  |p 005100023691  |q 005100023691  |t BK  |y 0 
909 |a Λ  |b 076573 
970 |z 2000/06/ΟΙΚΟΝΟΜΟΠΟΥΛΟΥ ΧΡΙΣΤΙΝΑ